Ensayo histórico documentado de la vida de Francisco de Miranda (Record no. 151755)

MARC details
000 -LEADER
campo de control de longitud fija 00729nam a2200181 i 4500
001 - NÚMERO DE CONTROL
campo de control 151755
003 - IDENTIFICADOR DE NÚMERO DE CONTROL
campo de control ES-MaACL
005 - FECHA Y HORA DE LA ÚLTIMA TRANSACCIÓN
campo de control 20251003192803.0
008 - DATOS DE LONGITUD FIJA--INFORMACIÓN GENERAL
campo de control de longitud fija 051005s1896 ve |||| |bspa d
080 ## - NÚMERO DE LA CLASIFICACIÓN DECIMAL UNIVERSAL
Número de la Clasificación Decimal Universal 929 Miranda, Francisco de
100 1# - ENTRADA PRINCIPAL--NOMBRE DE PERSONA
Nombre de persona Becerra, Ricardo.
9 (RLIN) 26882
245 10 - MENCIÓN DEL TÍTULO
Título Ensayo histórico documentado de la vida de Francisco de Miranda
Resto del título : general de los ejércitos de la primera república francesa y generalísimo de los de Venezuela /
Mención de responsabilidad, etc. por Ricardo Becerra.
260 ## - PUBLICACIÓN, DISTRIBUCIÓN, ETC.
Lugar de publicación, distribución, etc. Caracas :
Nombre del editor, distribuidor, etc. [s.n.],
Fecha de publicación, distribución, etc. 1896 (
Fabricante Imprenta Colón)
300 ## - DESCRIPCIÓN FÍSICA
Extensión CLVII, 553 p. ;
Dimensiones 30 cm.
600 17 - PUNTO DE ACCESO ADICIONAL DE MATERIA--NOMBRE DE PERSONA
Nombre de persona Miranda, Francisco de,
Fechas asociadas al nombre 1750-1816-
Subdivisión de forma Biografías
Fuente del encabezamiento o término
9 (RLIN) 129975
852 ## - LOCALIZACIÓN
Ubicación ES-MaACL
Número de control de estantería C-11211
Nota libre . - Enc. hol.
Holdings
Estatus retirado Estado de pérdida Estado de daño No para préstamo Colección Biblioteca de origen Biblioteca actual Ubicación en estantería Fecha de adquisición Fuente de adquisición Total de préstamos Signatura topográfica completa Código de barras Visto por última vez Precio de reemplazo Tipo de ítem Koha
        Libros del s. XIX Biblioteca del Ateneo de Madrid Biblioteca del Ateneo de Madrid Sala Palomar 17/01/2008     C-11211 1158381 23/02/2023 23/02/2023 Libro impreso antiguo